00509nam a2200193 a 4500001001300000003000900013005001700022008004100039020001000080082001600090100001900106245003200125260004200157300000900199500003500208650002600243650002700269700001900296nice12345678IN_TiNIC20260116012008.0070309s1945 newa grd 000 0 eng  ac10000a291.03bFER aFerm, Vergilus aAn Encyclopedia of Religion aNew YorkbPhilosophical Libraryc1945 a844p aincludes index and biblioraphy aReligion-Encyclopedia aEncyclopeadia-Religion1 aFerm, Vergilus